Electronics - In the kitchen - Statistics

General Stats
  • This quiz has been taken 16 times
  • The average score is 6 of 8
Answer Stats
Clue Electronic % Correct
I wash dishes Dishwasher
100%
Breads getting toasted Toaster
100%
Some bigger thing like a microwave Oven
92%
Popcorn is a common item in this electronic Microwave
85%
Hey, cooling time with me Refrigerator
69%
Boiling water, etc.. Stove
54%
This will make the item into smaller pieces Blender
46%
Did someone say waffles? Waffle maker
46%
No matching quizzes found
Score Distribution
Percent of People with Each Score
Percentile by Number Answered
Your Score History
You have not taken this quiz